Normal view
MARC view
- Mitteslstadt, W.S
Entry Personal Name
001 - CONTROL NUMBER
- control field: 39076
003 - CONTROL NUMBER IDENTIFIER
- control field: NUST
005 - DATE AND TIME OF LATEST TRANSACTION
- control field: 20210314131334.0
008 - FIXED-LENGTH DATA ELEMENTS
- fixed length control field: 210314|| aca||aabn | a|a d
040 ## - CATALOGING SOURCE
- Original cataloging agency: NUST
- Transcribing agency: NUST
100 ## - HEADING--PERSONAL NAME
- Personal name: Mitteslstadt, W.S
670 ## - SOURCE DATA FOUND
- Source citation: Work cat.: (NUST): Mitteslstadt, W.S, Basic slide rule operation program for self - instruction
